000 00372nam a2200145Ia 4500
008 230312s9999||||xx |||||||||||||| ||und||
082 _a302.222
_bDIK-S
100 _aDikovitskaya, Margaret
245 0 _aVisual Culture
260 _bMIT Press
_aLondon
_c2005
300 _a316
546 _aEng.
650 _aEconomics
_vIntroduction , Theoretical Frameworks
942 _cBK
999 _c2795
_d2795